1126 1115 1529 1664 1886 1550 1050 1416 1611 1641 1849 1907 1800 1832 1110 1214 1354 1181 1580 1050 1658 1098 1705 1153 1260 1639 1997 1030 1678 1701 1237 1024 1244 1474 1051 1290 1125 1418 1903 1145 1365 1271 1331 1158 1164 1796 1775 1995 1027 1844 1994 1789 1523 1950 1778 1588 1881 1505 1161 1219 1522 1729 1837 1315 1191 1943 1293 1304 1938 1241 1350 1858 1688 1441 1025 1176 1675 1844 1628 1375 1318 1003 1048 1427 1562 1701 1497 1142 1921 1034 1242 1493 1115 1429 1496 1562 1122 1425 1874 BCNSPRNW ULIB Ver.6.0+V

เปลี่ยนเป็นภาษาไทย

Change to English
 แสดงรายละเอียดบรรณานุกรม
  กลับหน้าหลัก

Brief Record : Get Marc (ISO 2709) : E-mail record : QR code < ปิดหน้าต่าง
LEADER : 00000nam 2200000uu 4500
001    13399107926
003     ULIB
008    110210s2551||||th 000 0 tha d
020    9789749901335
060 04 WY161^bธ392ร 2551
100 0  ธวัช ประสาทฤทธา
245 10 รู้โรค รู้รักษาการดูแลบาดแผลและการป้องกันการติดเชื้อด้วยตนเอง /^cธวัช ประสาทฤทธา
246 14 รู้โรค รู้รักษา การดูแลบาดแผลและการป้องกันการติดเชื้อ
246 30 การดูแลบาดแผลและการป้องกันการติดเชื้อ
250    พิมพ์ครั้งที่ 1
260    กรุงเทพฯ :^bบุ๊คส์ ทู ยู,^c2551
300    120 หน้า :^bภาพประกอบ ;^c21 ซม.
650  7 การรักษาบาดแผล
650  7 แผลกดทับ
650  7 บาดแผลและบาดเจ็บ^xการดูแล
650  7 บาดแผลและบาดเจ็บ^xการรักษา
650  7 การติดเชื้อที่บาดแผล^xการป้องกันและควบคุม
945    ^p100^l0^i025076
945    ^p100^l0^i025075
945    ^p100^l0^i025073
945    ^p100^l0^i025074
945    ^p100^l0^i029989
995    เกษร
999 ^a ใช้งานได้ทุกระบบ
รายการนี้ยังไม่มีแท็ก
คุณยังไม่ได้ล็อกอิน คุณสามารถมีกิจกรรมร่วมกับเว็บไซต์ได้ แต่ต้องล็อกอินก่อน ::
  ล็อกอิน

รายการสื่อสารสนเทศ

ลำดับที่ ประเภท เลขเรียก/บาร์โค้ด สถานที่ สถานะ
- ไม่พบข้อมูล -

รายการใกล้เคียง
    ผู้แต่ง [ธวัช ประสาทฤทธา]

    หัวเรื่อง [การรักษาบาดแผล]
    หัวเรื่อง [แผลกดทับ]

BibComment


ยังไม่เคยถูกคอมเมนท์

คอมเมนท์ทรัพยากรรายการนี้
  คอมเมนท์: รู้โรค รู้รักษากา..


 Copyright 2026. Bcnsprnw @Library